| 000 | 01078nam a2200301Ia 4500 | ||
|---|---|---|---|
| 003 | GCL | ||
| 008 | 140319s9999 xx 000 0 ara d | ||
| 020 | _a3774509953 | ||
| 040 |
_aGCL / _cGCL |
||
| 082 | 0 | 4 |
_a330.9 _bم ا |
| 100 | 1 | _aسالم توفيق النجفى | |
| 245 | 1 | 0 |
_aالاقتصادات العربية و تناقضات السوق و التنمية / _cسالم توفيق النجفى |
| 250 | _aالاولى | ||
| 260 |
_aبيروت : _bمركز دراسات الوحدة العربية ، _c2005 |
||
| 300 |
_a272ص ؛ _c24 سم |
||
| 490 |
_aسلسلة كتب المستقبل العربى _v40 |
||
| 650 | 0 | 4 | _aالاقتصاد |
| 650 | 0 | 4 | _aالتكامل الاقتصادى |
| 650 | 0 | 4 | _aالرأسمالية |
| 650 | 0 | 4 | _aالتنمية الاقتصادية |
| 650 | 0 | 4 | _aالديون |
| 650 | 0 | 4 | _aصندوق النقد الدولى |
| 650 | 0 | 4 | _aالتكتلات الاقتصادية |
| 650 | 0 | 4 | _aالمعونة الاقتصادية |
| 650 | 0 | 4 | _aالعولمة |
| 650 | 0 | 4 | _aصندوق النقد العربى |
| 942 |
_2ddc _cBK |
||
| 999 |
_c7587 _d7587 |
||